English Lyrics in Smoothie by Nct Dream - Statistics

General Stats
  • This quiz has been taken 139 times
  • The average score is 177 of 253
Answer Stats
Answer % Correct
I
99%
Smooth
99%
Smoothie
99%
A
90%
It
88%
Sip
83%
Taste
82%
Like
81%
You
80%
Down
78%
Good
78%
Boy
77%
So
76%
What
76%
Know
75%
Up
73%
Strawberry
72%
Miissin’
69%
Missin’
69%
And
68%
Sweet
68%
Cinnamon
67%
Bad
66%
I’m
66%
Me
66%
That
65%
Yes
65%
Give
63%
Listen
63%
Dirty
62%
Sir
62%
Yeah
61%
Take
58%
Shower
57%
All
56%
Hot
56%
Just
56%
Mix
56%
My
55%
‘Cause
54%
Ice
54%
Soft
54%
We
54%
You’re
54%
Fake
53%
Pop
52%
Gonna
51%
Spicy
51%
Sugar
51%
Watch
51%
More
49%
Some
49%
Easy
48%
In
48%
Make
48%
Should
48%
Corn
47%
Pain
46%
Us
45%
This
44%
Uh
44%
Blend
43%
Now
43%
Stop
43%
Freeze
40%
Guessin’
40%
Delicious
39%
How
39%
Out
39%
Don’t
38%
Lil’
37%
Trauma
37%
Twist
37%
Wait
37%
Fade
35%
New
35%
Real
35%
Wave
35%
Shakin’
34%
Vicious
34%
Doubt
33%
Drinkin’
33%
Stirrin’
32%
Buff
30%
I’ma
30%
Killa
30%
Huh
29%
Need
29%
Syrup
28%
Permission
26%
Action
25%
Stuff
25%
Special
24%
Crushin’
23%
Edition
23%
Hey
23%
Ayo
22%
Menu
22%
Ridin’
22%
Commotion
20%
Pour
20%
Deserve
19%
Check
18%
Mess
17%
Whoo
15%
Hah
14%
Mission
14%
Umm
14%
Rock
5%
No matching quizzes found
Score Distribution
Percent of People with Each Score
Percentile by Number Answered
Your Score History
You have not taken this quiz